Guess the Billie Eilish's song by the lyrics! 3 - Statistics

General Stats
  • This quiz has been taken 2,219 times
  • The average score is 188 of 302
Answer Stats
Answer % Correct
I
100%
you
96%
a
95%
the
89%
an
84%
your
78%
when
77%
be
76%
me
76%
don't
75%
to
75%
I'm
72%
my
71%
we
71%
not
69%
that
69%
what
68%
you're
68%
am
67%
are
65%
and
63%
so
63%
think
63%
go
62%
friend
61%
know
61%
or
61%
man
60%
anything
58%
of
58%
therefore
58%
but
56%
can
54%
damn
54%
like
53%
with
53%
about
52%
talk
52%
get
51%
have
51%
hell
51%
just
51%
name
51%
on
51%
out
51%
same
49%
stop
48%
talking
48%
they
48%
mouth
47%
pretty
47%
real
46%
want
46%
how
45%
wanna
45%
without
45%
care
42%
couldn't
42%
we're
42%
best
41%
really
41%
did
40%
give
40%
feel
39%
fun
39%
less
39%
isn't
37%
world
37%
say
36%
top
34%
ideal
33%
mine
33%
'cause
32%
'bout
30%
hate
29%
articles
27%
call
27%
might
27%
'em
26%
got
26%
interviews
25%
world's
25%
sorry
24%
next
22%
press
21%
put
21%
nice
20%
act
19%
bluff
19%
different
19%
enough
19%
caught
18%
confused
18%
find
18%
lines
17%
remain
17%
unremarkable
16%
lotta
15%
rather
14%
No matching quizzes found
Score Distribution
Percent of People with Each Score
Percentile by Number Answered
Your Score History
You have not taken this quiz